[Event "Idaho Closed"]
[Site "Garden City, ID"]
[Date "2022.02.21"]
[Round "6"]
[White "McKenzie, Niall"]
[Black "Longhurst, Corey"]
[Result "1/2-1/2"]
[WhiteElo "1407"]
[BlackElo "1494"]
[Annotator "Ralph Dubisch"]
[PlyCount "69"]
[EventDate "2022.02.19"]
[EventType "swiss"]
[EventRounds "6"]
[EventCountry "USA"]

{[%evp 0,40,25,16,10,25,17,14,14,13,38,2,38,19,100,-4,154,154,589,224,179,200,
227,205,202,115,129,60,52,55,173,173,329,264,265,286,271,277,244,315,373,524,
762]} 1. e4 e5 2. Nf3 Nc6 3. Bc4 Bc5 4. O-O d6 (4... Nf6) 5. h3 (5. c3) 5...
Qf6 $6 (5... Nf6) 6. c3 Qg6 7. Kh1 (7. d4 $5 {, since} Bxh3 $4 8. Ng5 $1 {wins.
}) 7... Qxe4 $4 ({Black needs to develop} 7... Nf6 {, and avoid sending the
queen off on a dangerous and potentially fatal adventure.}) 8. d4 $1 ({White
could also consider the tactic} 8. Bxf7+ $1) 8... d5 9. Re1 (9. Bd3 {traps the
queen.}) 9... Qf5 10. Bxd5 Bd6 11. Bxc6+ bxc6 12. Nxe5 (12. dxe5 $1) ({or even
} 12. Nbd2 {looks even better for White.}) 12... Ne7 13. Nxc6 ({White doesn't
need to rush the capture on c6; that pawn will always be weak, and for the
moment it's a blocker on the long diagonal.} 13. Nd2 $16 {is a clear advantage.
}) 13... Bb7 14. d5 Qxf2 (14... Bxc6 15. dxc6 Qxf2 $14 {is a safer move order
for Black.}) 15. Nxe7 Kd8 16. Be3 Qg3 17. Bg1 Bxe7 18. Bh2 Qh4 19. Nd2 h5 20.
Ne4 Bf8 {Black makes an escape route for the queen.} 21. Bxc7+ $5 ({Not
necessary. Simply} 21. Qb3) ({or} 21. d6 {continue a massive attack without
suffering the material deficit.}) 21... Kxc7 22. d6+ $1 {Passed pawns must be
pushed.} Kd8 (22... Kb8 $5) 23. Qa4 Bxd6 24. Rad1 (24. Qa5+ Bc7 25. Qf5 {
give the black king some serious trouble.}) 24... Kc7 25. Qc4+ ({According to
the all-knowing computer engine,} 25. Re2 {is the only move to retain a White
advantage. This is far from obvious.} Rad8 26. Qa5+ Kb8 27. Rxd6 Rxd6 28. Nxd6
Qxh3+ {and there is no mate on g2.}) 25... Kb8 26. Qd3 Bc7 27. Nc5 Bxg2+ ({
Even stronger:} 27... Qf4 $1 28. Kg1 (28. Nd7+ Kc8 29. Ne5 Bxe5 30. Rxe5 Qxe5
$19) 28... Qh2+ 29. Kf2 Qxg2+ 30. Ke3 Bf4+ $1 31. Kxf4 (31. Kd4 Qd5#) 31...
Qf2+ 32. Kg5 (32. Ke5 Qf6#) 32... Qf6#) 28. Kg1 ({No help:} 28. Kxg2 Qg5+ {
-- Qxc5}) 28... Bb6 $4 (28... Bc6 29. Na6+ Kc8 30. Nxc7 (30. Qf5+ Kb7 31. Nc5+
Kb6 $19 {and the white king is more exposed than the black monarch.} 32. Ne4
Rae8 33. Qc5+ Kb7 34. Qb4+ Ka8 $1)) (28... Bxh3 {also appears to win for Black,
per Stockfish.}) 29. Qd6+ Kc8 30. Qd7+ Kb8 31. Re8+ Rxe8 32. Qxe8+ Kc7 33. Qd7+
Kb8 34. Qe8+ Kc7 35. Z0 ({In this chaotic situation the players agreed a draw,
though White actually could have forced checkmate:} 35. Qe5+ Kc8 (35... Kc6 36.
Rd6+ Kb5 (36... Kc7 37. Rd4+) 37. a4+ (37. b4 {leads to mate, according to
Stockfish.} Qe4 38. a4+ Kc4 39. Rd4+ Kxc3 40. Rd3+ Kc2 41. Qc3+ Kb1 42. Rd1+
Ka2 43. Ra1# {is a typical line.}) 37... Qxa4 38. Rxb6+ Kxb6 (38... axb6 39.
Nxa4+ Kxa4 40. Kxg2) 39. Nxa4+) 36. Kxg2 Bxc5 37. Qxc5+ Kb8 38. Qf8+ Kc7 39.
Qxf7+ (39. Qxa8 {is also good enough.}) 39... Kc8 40. Qe8+ Kc7 41. Rd7+ Kc6 42.
Qe6+ Kc5 43. Rd5+ Kc4 44. Qc6#) 1/2-1/2

[Event "Idaho Closed"]
[Site "Garden City, ID"]
[Date "2022.02.19"]
[Round "2"]
[White "Parsons, Larry"]
[Black "Price, Josh"]
[Result "0-1"]
[WhiteElo "2000"]
[BlackElo "1618"]
[Annotator "Josh Price"]
[PlyCount "58"]
[EventDate "2022.02.19"]
[EventType "swiss"]
[EventRounds "6"]
[EventCountry "USA"]

{[%evp 0,58,32,25,13,-11,-7,0,42,42,44,52,57,28,36,13,28,-3,18,17,97,-7,-11,
-19,49,-33,38,-71,-71,-71,-71,-71,-59,-59,-39,-39,-45,-3,9,1,21,29,44,-31,-74,
-74,-71,-93,-84,-89,-84,-98,-98,-119,-91,-91,-57,-63,-80,-1194,-1195]} 1. d4 {
A little surprised by d4, I was expecting an English.} d5 2. c4 e6 3. Nf3 c6 {
Just trying to play a solid setup where I can get out of the opening with a
decent position.} 4. e3 Nf6 5. Nc3 a6 6. a4 {I have never seen this OTB a4
fights for b5 but it weakens b4.} Bb4 7. Bd2 O-O 8. Be2 b6 9. O-O Bb7 $4 {
Bb7? Terrible move I can't believe we both missed this simple tactic. Nxd5! My
bishop is loose so if I take the knight my bishop on b4 hangs.} 10. Na2 {
I got super lucky we both over looked it.} (10. Nxd5 cxd5 (10... Bxd2 11. Nxf6+
Qxf6 12. Qxd2) 11. Bxb4) 10... Bd6 11. b4 {b4 is very logical gaining space on
the queen side I have to fight back somehow.} c5 {c5 is very complicated but
after some deep calculation I decided it was a decent way to fight against his
spacial advantage and to free up my bishop on b7.} 12. Rb1 Qe7 $2 {Computer
gives a different line, and doesn't like qe7 but it is a simple improving move
that holds on to the c5 pawn and the bishop on b7} 13. Ne5 $2 cxd4 {Ne5 allows
me to go to an IQP position where I free my bishop on b7! I was very happy to
see this.} 14. exd4 dxc4 15. Nxc4 {A lot of lines were calculated in the past
several moves, but this seems correct.} Bc7 16. Bf3 $6 {I thought it was very
important to go Bg5 and pin my knight to my queen first. Bf3 allows me to stay
active in the center.} Bxf3 17. Qxf3 Nd5 $1 18. Nc3 {I calculated Nc3 before I
took on f3 and had a tactic prepared.} Qh4 $1 19. g3 {He has to stop the
mating threat on h2 but he loses the pawn on d4.} Qxd4 20. Nxd5 {We both
calculated a lot in the past moves taking up a lot of time. I thought I was
winning for a while after exd4 but there are crazy tactics that let white
hold! exd5 Rfc1 among many other moves hold the position and white is doing
well.} Qxd5 21. Qe2 {I didn't consider this move because I thought his best
bet was to trade queens and hope to draw the endgame. After Qe2 was played my
opponent offered a draw. I calculated for a little bit, and realized that I am
the only one pushing for a win in this position, I have attacking
possibilities, and my opponent has around 20 minutes to make his next 9 moves.
I declined.} Nc6 $1 22. Bc3 b5 23. Ne3 Qe4 {again, very complicated position
so I was calculating everything, I thought my opponent would play f3! which is
very interesting after Nd4! but I thought I was slightly better there.} 24.
axb5 (24. f3 Nd4) 24... axb5 25. Qxb5 {I honestly didn't even consider this
move, I thought it was way too dangerous. But even in time trouble my opponent
was finding some good defense!} Be5 $1 26. Rbc1 $1 {My opponent is around 5
minutes now and the pressure is on! He has 4 more moves to play before the
next hour is given!} Bxc3 27. Rxc3 Nd4 28. Qd3 $1 Nf3+ {My opponent was at
about 1 minute here and thought for about 30 seconds.} 29. Kg2 {Kg2, the move
that ended the game, in time trouble he only calculated Nh4, he didn't see
Ne1! Kh1 is the move that saves the game! Kh1 qb7 and then Ng2! And it is
still a game.} (29. Kh1 Qb7 30. Ng2) 29... Ne1+ {Here, my opponent resigned.
Overall it was a tough game, the middle game was a positional battle where we
both had to play accurately for a slight advantage. Thank you Larry Parsons
for the game, you played well!} 0-1

[Event "Idaho Closed"]
[Site "?"]
[Date "2022.02.21"]
[Round "5"]
[White "Kodihalli, Kaustubh"]
[Black "Nathan, Jacob"]
[Result "1/2-1/2"]
[WhiteElo "1843"]
[BlackElo "1984"]
[Annotator "Ralph Dubisch"]
[PlyCount "42"]
[EventDate "2022.??.??"]

{[%evp 0,42,19,38,40,41,41,32,28,27,46,33,88,66,94,71,54,30,55,50,31,49,51,45,
53,50,42,42,84,51,98,55,48,46,48,55,51,53,48,40,36,-3,0,0,0]} 1. e4 c5 2. Nf3
e6 3. d4 cxd4 4. Nxd4 Nc6 5. Nc3 Qc7 6. Be2 a6 7. a3 (7. O-O Nf6 8. Be3) 7...
Nf6 8. O-O Be7 9. Be3 O-O 10. Qd2 (10. f4 d6 11. Kh1) 10... d6 11. f4 b5 12.
Nxc6 Qxc6 13. Bf3 ({The other option is forcing open the center and long
diagonal for tactical operations, at the cost of slightly weakening the e-pawn
and allowing the e7-bishop a role in the game.} 13. e5 dxe5 14. fxe5 Nd5 15.
Bf3 Bc5 16. Bxc5 Qxc5+ 17. Qf2 $14) 13... e5 14. Nd5 (14. f5 {seems
positionally well-motivated, planning to remove the f6-knight with either
Bg5xf6 or g4-g5 before ocupying the outpost. Black would need to react
energetically with} a5 {when} 15. Bg5 (15. g4 Ba6 16. g5 b4 {is a murky mess.})
15... b4 16. axb4 axb4 17. Rxa8 Qxa8 {looks fine for Black.}) 14... Qb7 ({Maybe
} 14... Bd8 15. Rad1 Ng4 $5) 15. Nxe7+ ({It's a shame to exchange that knight
for such a sorry bishop. Much stronger is} 15. Nxf6+ $1 {, either winning a
pawn or exposing the black king to attack.} Bxf6 (15... gxf6 16. f5 $16 {
, when none of the black pieces has any potential, and White is free to swing
bishop(s), queen, and rook toward the kingside.}) 16. Qxd6 Rd8 17. Qb6 $16 {
, since after} Qxb6 18. Bxb6 Rd2 19. fxe5 Bxe5 20. Rad1 {back rank threats
will give White enough time to consolidate the extra pawn.}) 15... Qxe7 16.
Rad1 Bb7 17. Qxd6 Qxd6 18. Rxd6 exf4 19. Bxf4 Bxe4 20. Bxe4 ({White could
press on:} 20. Rfd1 $5 Bxf3 (20... Bxc2 $6 21. Bxa8 Bxd1 22. Rxa6 $16) 21. gxf3
Rfe8 22. Kf2 $14 {Although the white kingside pawns are split, the f3-pawn
does a nice job of restricting the black knight.}) 20... Nxe4 21. Rd7 Rfe8
1/2-1/2

[Event "Idaho Closed"]
[Site "Garden City, ID"]
[Date "2022.02.21"]
[Round "6"]
[White "Nathan, Jacob"]
[Black "Fritchen, Zachary"]
[Result "1/2-1/2"]
[WhiteElo "1984"]
[BlackElo "1720"]
[Annotator "Ralph Dubisch"]
[PlyCount "88"]
[EventDate "2022.02.19"]
[EventType "swiss"]
[EventRounds "6"]
[EventCountry "USA"]

{[%evp 0,88,25,33,60,56,99,70,61,30,30,36,58,-13,-15,-25,15,15,9,12,27,27,48,
21,36,-16,-18,-18,-9,-42,-44,-22,-14,-4,24,6,13,10,31,49,70,72,66,44,66,66,53,
63,42,47,31,32,105,69,111,105,103,85,82,93,116,135,128,141,149,142,162,162,157,
174,143,171,520,412,434,453,429,440,534,538,557,387,473,497,504,176,153,174,
173,197,201]} 1. e4 c5 2. Nf3 d6 3. d4 cxd4 4. Nxd4 Nf6 5. Nc3 a6 6. Rg1 ({
Unusual, telegraphing White's intent to expand with g4. There are many other
choices here. Approximately in order of popularity:} 6. Be3) (6. Be2) (6. Bg5)
(6. Bc4) (6. f4) (6. f3) (6. g3) (6. h3) (6. a4) 6... e5 7. Nb3 h5 ({Black
chooses to directly prevent White's announced plan.} 7... Be6 8. g4 d5 {
is a central response to White's wing action.} 9. exd5 (9. g5 Nxe4 10. Nxe4
dxe4 11. Qxd8+ Kxd8 12. Be3 {seems reasonable for Black.}) 9... Nxd5 10. Nxd5
Qxd5 {looks roughly even, though not yet drawish.}) 8. Bg5 Be6 9. Qd2 Nbd7 10.
O-O-O Qc7 (10... b5 {gets going just a bit faster on the queenside, while not
yet committing the queen.} 11. f4 b4 $5 12. Nd5 Nxe4 13. Bxd8 Nxd2 {gets
complicated.}) 11. f4 b5 12. Nd5 $6 (12. f5 Bc4) 12... Bxd5 13. exd5 Ne4 14.
Qe1 Nxg5 15. fxg5 g6 16. Kb1 Qb6 17. Rh1 b4 $6 (17... Bg7 18. h4 a5 19. Nd4 $13
) 18. Nd2 (18. h4) 18... Nc5 19. Nc4 Qb8 (19... Qc7 20. Qxb4 $6 Rb8 {and b2
finds itself in the crosshairs of b-file and long diagonal.}) 20. Na5 Qb6 21.
Nc4 Qb8 22. Na5 Qb6 23. Nc6 Bg7 24. Qxb4 Qxb4 25. Nxb4 a5 26. Bb5+ Kd8 (26...
Kf8) 27. Nc6+ Kc7 28. Rhf1 Rhf8 29. Rf3 Ne4 30. h4 a4 31. Bd3 f5 32. Ne7 (32.
gxf6 Nxf6 33. Bxg6 Nxd5 34. Rfd3 Nf4 35. Rxd6) 32... a3 (32... Nc5 33. Bb5 e4
34. Ra3) 33. Nxg6 Rfb8 34. Bxe4 Rxb2+ 35. Ka1 f4 36. Rxa3 Rxa3 37. Kxb2 Re3 38.
Bf5 e4+ 39. Kc1 f3 40. Bxe4 f2 41. Bd3 Re1 42. Bf1 (42. c4) 42... Bb2+ 43. Kd2
Bc3+ 44. Kc1 ({To escape the checks costs White a whole rook for the f2-pawn...
but White would still be winning, with knight and four pawns for the exchange!
} 44. Kxc3 Rxd1 45. Be2 f1=Q 46. Bxf1 Rxf1 47. Kd3) 44... Bb2+ 1/2-1/2

[Event "Spring Thaw"]
[Site "Nampa, ID"]
[Date "2022.03.19"]
[Round "5"]
[White "Ang, Nobel"]
[Black "Roland, Jeffrey T"]
[Result "1-0"]
[WhiteElo "1561"]
[BlackElo "1700"]
[Annotator "Ralph Dubisch"]
[PlyCount "65"]
[EventDate "2022.03.19"]
[EventType "swiss"]
[EventRounds "5"]
[EventCountry "USA"]

{[%evp 0,65,19,34,29,22,69,43,72,46,79,71,64,63,65,63,65,73,72,76,74,73,77,40,
36,47,42,25,222,225,259,21,10,25,128,107,103,86,92,61,107,127,84,77,74,63,66,
79,169,172,166,158,161,156,156,164,158,157,136,131,153,159,163,192,623,882,942,
954] I think we might learn something from this game.} 1. d4 Nf6 2. Nf3 g6 3.
c4 d5 ({Possible, of course, but if you like the main lines of the Grunfeld
Exchange, consider delaying ...d5 until after White has played Nc3.} 3... Bg7
4. Nc3 (4. g3 O-O 5. Bg2 d5 6. cxd5 Nxd5 7. O-O) 4... d5 5. cxd5 (5. Qb3 dxc4
6. Qxc4 O-O (6... a6 $5) 7. e4 a6) 5... Nxd5 6. e4 Nxc3 7. bxc3 c5) 4. cxd5
Nxd5 5. e4 Nb6 {And here we see the problem with the early ...d5: Black has at
least one more minor piece than can readily fit into the diminished space
available. Exchanging on c3, while certainly helping White to shore up d4 with
the recapture toward the center, also removes the awkward knight and lines up
targets along the long dark diagonal.} 6. Nc3 ({Or the restricting} 6. h3 Bg7
7. Nc3 O-O 8. Be2 {, when Black has difficulty finding decent posts for all
the pieces.}) 6... Bg7 (6... Bg4 $5) 7. Be2 (7. h3 O-O 8. Be2 {as above}) 7...
O-O 8. O-O Nc6 ({Black should take advantage of the opportunity to bring out
the light-bound bishop,} 8... Bg4 {. If White prevents this development, what
are the future prospects for this piece?}) 9. Be3 ({What's the plan if White
grabs the central space?} 9. d5 Na5 (9... Ne5 10. Nxe5 Bxe5 11. f4 $16) (9...
Nb8 10. a4 a5 11. Be3 $16) 10. Qc2 c6 11. Rd1 {and White is much more
comfortable.}) 9... Bg4 10. d5 ({The Stockfish engine also likes the other
central advance,} 10. e5 {, which does grab more central space and shuts down
the g7-bishop. But as this appears to give Black more toeholds in the center (.
..Nb4-d5) while improving the prospects of Black's g4-bishop, I'm not at all
sure I would recommend it for hominids.}) 10... Bxf3 11. Bxf3 Ne5 12. Be2 Nec4
{Black has exchanged some pieces, solved some of the development problems, and
suffers at most a minor disadvantage.} 13. Bxb6 (13. Bf4 $5) 13... Nxb2 $2 ({
But now fancy-play syndrome sets in. Black equalizes comfortably with the
simple recapture} 13... Nxb6 {.}) 14. Qb3 Bxc3 (14... cxb6 15. Qxb2 Rc8 16.
Rac1 {, and Black doesn't regain the piece with} Qc7 {due to} 17. Nb5 Bxb2 18.
Rxc7 {, and though there are complications, White comes through them with
extra material in all lines.}) 15. Qxc3 $2 (15. Be3 $1 Bg7 16. Rab1 {.
Computer lines from here don't even bother messing around with threats like
Bc1xb2 winning a piece. They simply capture Rxb2 and claim something like +5:
bishop-pair, central dominance, attack on both sides of the board. For example}
Re8 {(likely not best, but illustrative to avoid a later Bh6 threatening both
mate on g7 and the win of the exchange on f8)} 17. Rxb2 Bxb2 18. Qxb2 c6 19.
Bh6 f6 20. Bg4 Kh8 21. Be6 Qb6 22. Qc3 {and despite having rook and pawn for
the two bishops, it's clear that Black has no play whatsoever.}) 15... Na4 16.
Qxc7 Nxb6 $2 (16... axb6 $1 {secures the improved knight outpost on c5 while
improving the rook on a8.} 17. Rfc1 (17. Qxb7 Nc5 18. Qc6 Nxe4 {may even be a
slight edge to Black.}) 17... Nc5 18. Qxd8 Rfxd8 19. f3 f5 {.}) 17. Rfc1 $14
Rb8 18. Qxd8 Rfxd8 19. a4 a6 $6 ({Extra weakening on the b-file.} 19... Rbc8
20. a5 Nd7 $14) 20. a5 Nc8 21. Rc7 (21. Rab1) 21... Kf8 22. Rb1 Nd6 (22... b5
23. axb6 Rxb6 24. Rxb6 Nxb6 25. Bxa6 {is not yet clearly winning, but White
has good torture potential.}) 23. e5 Nb5 $2 ({Now it's all over. There are
definite chances to survive with} 23... Ne8 24. Rc5 (24. Rcxb7 Rxb7 25. Rxb7
Rxd5 26. f4 Rxa5 27. Ra7) 24... Rdc8 25. Rbc1 Rxc5 26. Rxc5 $14 {.}) 24. Bxb5
axb5 25. Rxb5 Rbc8 26. Rxc8 Rxc8 27. g3 Rc7 28. Kf1 Ke8 29. Ke2 Kd8 30. Ke3 Kc8
31. Kd4 Rc2 32. Rc5+ Rxc5 33. Kxc5 1-0